ISRN pharmacology

Detalles Bibliográficos
Nuevo Título:International scholarly research notices
Autor Corporativo: International Scholarly Research Network
Formato: Electrónico Seriadas
Lenguaje:inglés
Publicado: [Cairo] : [Hindawi Publishing Corporation], [2011]-
Materias:
Acceso en línea:Full text available from Research Library: 01/01/2011 to 01/31/2014

MARC

LEADER 00000nas a2200000 a 4500
001 ssj0000502582
003 WaSeSS
005 20200512172242.0
006 m d
007 cr n
008 110816d20112014ua ar s 0 0eng
010 |a  2011243750 
016 7 |a 101567048  |2 DNLM 
016 7 |a 019279818  |2 Uk 
022 |a 2090-5173  |l 2090-5165  |y 2090-5165 
035 |a (WaSeSS)ssj0000502582 
040 |a NLM  |b eng  |c NLM  |d NLM  |d TXA  |d OCLCQ  |d CUS  |d OCLCF  |d NLM  |d OCLCO  |d EUW  |d OCLCO  |d OCLCQ  |d OCLCO  |d OCLCQ  |d CASUM  |d OCLCO  |d OCLCA  |d UKMGB  |d WaSeSS 
042 |a pcc 
050 4 |a RM1  |b .I87 
060 1 0 |a W1 
210 1 0 |a ISRN Pharmacol  |2 dnlm 
245 0 0 |a ISRN pharmacology  |h [electronic resource]. 
246 1 |a International Scholarly Research Network pharmacology 
260 |a [Cairo] :  |b [Hindawi Publishing Corporation],  |c [2011]- 
310 |a Annual 
362 1 |a Began with: Vol. 2011; ceased in 2014. 
506 |a License restrictions may limit access. 
515 |a Articles added consectively to current annual volume. 
588 |a Description based: Vol. 2011; title from PDF caption (publisher's Web site, viewed Oct. 6, 2011). 
588 |a Latest issue consulted: Vol. 2011 (viewed Oct. 6, 2011). 
650 0 |a Pharmacology  |v Periodicals. 
650 7 |a Pharmacology.  |2 fast  |0 (OCoLC)fst01060259 
650 1 2 |a Pharmacological Phenomena. 
650 2 2 |a Pharmacology. 
655 0 |a Electronic journals. 
710 2 |a International Scholarly Research Network. 
776 0 8 |i Print version:  |t ISRN pharmacology  |x 2090-5165 
785 0 0 |t International scholarly research notices  |x 2356-7872  |w (DLC) 2014222076  |w (OCoLC)888051655 
850 |a DNLM 
856 4 0 |z Full text available from Research Library: 01/01/2011 to 01/31/2014  |u https://search.proquest.com/publication/686326